| 000 | 02236nam a2200349 a 4500 | ||
|---|---|---|---|
| 003 | DO-SdBNP | ||
| 005 | 20240216103213.0 | ||
| 008 | 130307s2009 dr 000 0 spa d | ||
| 020 | _a9789945443486 | ||
| 020 | _a9789945582147 (v. 206) | ||
| 040 |
_aDO-SdBNP _bspa _cBPMSU |
||
| 082 |
_a330.97293 _bC744n, 2013 _222 |
||
| 245 | 1 | 0 |
_aNueva literatura económica dominicana : _bPremios del Concurso de Economía Biblioteca "Juan Pablo Duarte" 2013 / _cedición José Alcántara Almánzar, Elvis Soto. |
| 260 |
_aSanto Domingo : _bBanco Central de la República Dominicana, _c2014. |
||
| 300 |
_axvii, 335 p. ; _c24 cm. |
||
| 490 | 1 |
_aBanco Central de la República Dominicana _v206 |
|
| 490 | 1 |
_aNueva Literatura Económica _v17 |
|
| 500 | _aIncluye referencias bibliográficas y notas al pie de las páginas | ||
| 500 | _aPrimios del Concurso de Economía "Biblioteca Juan Pablo Duarte" | ||
| 505 | 0 |
_tOferta laboral en la República Dominicana: tendencias y determinantes / _rFrancisco A. Ramírez de Léon -- _tUn índice de estabilidad bancaria para la República Dominicana: una aproximación cuantitativa de estabilidad financiera / _rCarlos Alberto Delgado Urbáez, Yocauris García Rodríguez -- _tAnálisis del registro tardio de nacimientos en República Dominicana / _rRaymer Díaz Hernández -- _tDeterminantes de la pobreza y vulnerabilidad social en República Dominicana 2000-2012 _rNerys F. Ramírez-- _tFatores asociados al desempeño de los estudiantes de República Dominicana/ _rAmarilis Altagracia Aquino, Ariadne Checo de los Santos, Jaime Pérez |
|
| 586 | _aPremios del Concurso de Economía Biblioteca "Juan Pablo Duarte" | ||
| 590 | _aInventariado, 2022/VM | ||
| 650 | 4 |
_aMercado laboral _zRepública Dominicana _vCongresos, conferencias, etc. |
|
| 650 | 4 |
_aRegistro civil _zRepública Dominicana _vCongresos, conferencias, etc. |
|
| 650 | 4 |
_aEstabilidad económica _zRepública Dominicana _vCongreos, conferencias, etc. |
|
| 650 | 4 |
_aSeguridad social _zRepública Dominicana _vCongresos, conferencias, etc. |
|
| 700 | 1 |
_aAlcántara Almánzar, José _eed. |
|
| 700 | 1 |
_aSoto, Elvis _eed. |
|
| 710 | 2 | _aBanco Central de la República Dominicana | |
| 910 | _aVMateo V. Control de calidad. BPMSU | ||
| 942 |
_2ddc _cBK |
||
| 999 |
_c14011 _d14011 |
||